The useful long tail : (Record no. 8451)

MARC details
000 -LEADER
fixed length control field 01089nam a22002537a 4500
001 - CONTROL NUMBER
control field 8451
003 - CONTROL NUMBER IDENTIFIER
control field FISKH
005 - DATE AND TIME OF LATEST TRANSACTION
control field 20250912114946.0
008 - FIXED-LENGTH DATA ELEMENTS--GENERAL INFORMATION
fixed length control field 250912b cb ||||| |||| 00| 0 eng d
020 ## - INTERNATIONAL STANDARD BOOK NUMBER
International Standard Book Number 9798176932416
040 ## - CATALOGING SOURCE
Original cataloging agency FISKH
Language of cataloging eng
Transcribing agency FISKH
Modifying agency FISKH
082 ## - DEWEY DECIMAL CLASSIFICATION NUMBER
Classification number 808
100 ## - MAIN ENTRY--PERSONAL NAME
Personal name Moarais, Patrick
245 ## - TITLE STATEMENT
Title The useful long tail :
Remainder of title Moral stories series
Statement of responsibility, etc. Edited by : Patrick Morais
260 ## - PUBLICATION, DISTRIBUTION, ETC.
Place of publication, distribution, etc. SDN BHD :
Name of publisher, distributor, etc. Kiddz Bookz,
Date of publication, distribution, etc. 2006.
300 ## - PHYSICAL DESCRIPTION
Extent 16 unnumbered pages :
Other physical details color illustrations ;
Dimensions 30 cm
505 ## - FORMATTED CONTENTS NOTE
Formatted contents note J<br/>
520 ## - SUMMARY, ETC.
Summary, etc. The Useful Long Tail tells the story of a long-tailed animal who discovers the practical benefits of its tail. The narrative emphasizes themes such as resourcefulness and the value of one's unique attributes. The book is part of a broader collection aimed at teaching young children foundational moral lessons through engaging storytelling and colorful illustrations.
521 8# - TARGET AUDIENCE NOTE
Target audience note 500<br/>
Source Lexile estimate<br/>
521 8# - TARGET AUDIENCE NOTE
Target audience note J<br/>
Source Raz-Plus<br/>
650 ## - SUBJECT ADDED ENTRY--TOPICAL TERM
Topical term or geographic name entry element Moral Lessons
Form subdivision Animal Stories
General subdivision Friendship
942 ## - ADDED ENTRY ELEMENTS (KOHA)
Source of classification or shelving scheme Dewey Decimal Classification
Koha item type Books
Suppress in OPAC No
Holdings
Withdrawn status Lost status Source of classification or shelving scheme Damaged status Not for loan Collection Home library Current library Shelving location Date acquired Total Checkouts Full call number Barcode Date last seen Copy number Price effective from Koha item type
    Dewey Decimal Classification     Juvenile Fiction Footprints International School Library Network Toul Tom Poung Campus Footprints International School Library Network Toul Tom Poung Campus TTP Primary Dark Blue Bookshelves 09/12/2025   MOR 800 PZ7 FISBK072067 09/12/2025 1 09/12/2025 Books